| 000 | 00581cam a2200181 i 4500 | ||
|---|---|---|---|
| 020 | _a9789715601597 | ||
| 040 | _cDLC | ||
| 082 | _a334 GIL 2016 A035 Or. | ||
| 100 | 1 | _aLlanto, Gilberto M., | |
| 245 | 1 | 0 |
_aStrengthening markets of high value fruits and vegetables in Mindanao : _bthe case of transport and shipping service improvement / |
| 300 |
_axv, 66 pages ; _c26 cm |
||
| 650 | 0 | _aFarm produce | |
| 650 | 0 | _aFruit | |
| 650 | 0 | _aVegetables | |
| 650 | 0 | _aProduce trade | |
| 710 | 2 | _aSEAMEO Regional Center for Graduate Study and Research in Agriculture, | |
| 942 | _cAEDBB | ||
| 999 |
_c20884 _d20884 |
||